书目信息 |
| 书名: | DEXTER IN THE DARK | |
| 作者: | JEFF LINDSAY | |
| 分册号: | ||
| 分册名: | 出版地: | NEW YORK |
|
| 出版社: | VINTAGE CRIME/BLACK LIZARD | |
| 出版时间: | 2010 | |
| 页数: | 302p | |
| 开本: | 20cm | |
| 丛书名: | ||
| 中图分类号: | ||
| 科图分类号: | ||
| 其他分类号: | I712.45 | |
| 主题词: | ||
| 电子资源: | ||
| 000 | 00502nam0 2200193 450 | |
| 001 | 052012181513 | |
| 005 | 20121107160103.0 | |
| 008 | 20021229d1997 em y0chiy0121 ea | |
| 020 | @a978-0-307-27673-5@c$13.95 | |
| 041 | @aeng | |
| 091 | @aI712.45 | |
| 099 | @dI712.45@eJ35 | |
| 100 | @aJEFF LINDSAY | |
| 245 | 10 | @aDEXTER IN THE DARK@cJEFF LINDSAY |
| 260 | @aNEW YORK@bVINTAGE CRIME/BLACK LIZARD@c2010 | |
| 300 | @a302p@c20cm | |
| 521 | @aDEXTER IN THE DARK | |
| 905 | @b8632-3 | |
| 905 | @aTSG@dI712.45@eJ35 | |
| DEXTER IN THE DARK / JEFF LINDSAY.-NEW YORK : VINTAGE CRIME/BLACK LIZARD , 2010 |
| 302p ; 20cm |
| DEXTER IN THE DARK |
| ISBN 978-0-307-27673-5$13.95 |
| ● |
| 相关链接 |
|
|
|
正题名:DEXTER IN THE DARK
索取号:I712.45/J35
 
预约/预借
| 序号 | 登录号 | 条形码 | 馆藏地/架位号 | 状态 | 备注 |
| 1 | 8632 | 300086323 | 文学库116/400A自科库 22排1列2层/ [索取号:I712.45/J35] | 在馆 | |
| 2 | 8633 | 300086332 | 文学库116/400A自科库 22排1列2层/ [索取号:I712.45/J35] | 在馆 |